LDR 00566naa#a2200181#i#450# 001 EN\\bibl\113709 005 20260416040307.4 011 ## _a2713-1424 100 ## _a20260407b2026####ek#y0engy0150####ca 102 ## _aRU 200 1# _aMECHANISM OF INVENTORY MANAGEMENT IN WHOLESALE NON-SPECIALIZED TRADE _eJournal article 210 1# _aMoscow _cElectronic science _d2026 215 ## _a14 с. 608 ## _aJournal article _2local 675 ## _aОптовая торговля. 339.33 _z 700 #1 _aShaybakova _gLyudmila Faritovna 700 #1 _aAkimova _gNatalia Valerievna 856 4# _amshj.ru _u